[Event "SUI-ch 116th"]
[Site "Flims"]
[Date "2016.07.10"]
[Round "4"]
[White "Kosteniuk, Alexandra"]
[Black "Kurmann, Oliver"]
[Result "0-1"]
[WhiteElo "2549"]
[BlackElo "2447"]
[PlyCount "66"]
[EventDate "2016.07.07"]
[EventType "tourn"]
[EventRounds "9"]
[EventCountry "SUI"]
[EventCategory "9"]
[SourceTitle "CBM 173 Extra"]
[Source "ChessBase"]
[SourceDate "2016.08.29"]
[SourceVersion "1"]
[SourceVersionDate "2016.08.29"]
[SourceQuality "1"]

1. e4 c5 2. Nf3 e6 3. d4 cxd4 4. Nxd4 a6 5. Nc3 b5 6. Bd3 Qb6 7. Nf3 Qc7 8. O-O
Bb7 9. Re1 Nc6 10. Bg5 f6 11. Bh4 Nh6 12. Bg3 Ne5 13. Kh1 Nhf7 14. Nd4 h5 15.
h3 h4 16. Bf4 Nxd3 17. Bxc7 Nxf2+ 18. Kh2 Nxd1 19. Raxd1 Rc8 20. Bb6 Ne5 21.
Nf3 Nc4 22. Bf2 Nxb2 23. Rb1 Rxc3 24. Rxb2 Ba3 25. Rb3 Bd6+ 26. Kg1 Rxc2 27. a4
Rxf2 28. Kxf2 Bg3+ 29. Ke3 Bxe1 30. Nxe1 Rh5 31. Nf3 Rc5 32. axb5 axb5 33. Nd4
Bc6 0-1

[Event "SUI-ch 116th"]
[Site "Flims"]
[Date "2016.07.11"]
[Round "5"]
[White "Klauser, Markus"]
[Black "Kosteniuk, Alexandra"]
[Result "0-1"]
[WhiteElo "2365"]
[BlackElo "2549"]
[PlyCount "66"]
[EventDate "2016.07.07"]
[EventType "tourn"]
[EventRounds "9"]
[EventCountry "SUI"]
[EventCategory "9"]
[SourceTitle "CBM 173 Extra"]
[Source "ChessBase"]
[SourceDate "2016.08.29"]
[SourceVersion "1"]
[SourceVersionDate "2016.08.29"]
[SourceQuality "1"]

1. e4 c6 2. c4 d5 3. exd5 cxd5 4. cxd5 Nf6 5. Bb5+ Nbd7 6. Nc3 g6 7. Nf3 Bg7 8.
d6 e6 9. d4 O-O 10. O-O Nb6 11. Bf4 a6 12. Bd3 Ne8 13. Qb3 Nxd6 14. Qb4 Ne8 15.
Rac1 Nf6 16. Be5 Nfd5 17. Qb3 Bh6 18. Nxd5 Nxd5 19. Rcd1 b6 20. Nd2 Bb7 21. Ne4
f6 22. Bd6 Rf7 23. Ba3 Nf4 24. Nd6 Bxg2 25. Nxf7 Kxf7 26. Rfe1 f5 27. Bc4 Be4
28. Re3 b5 29. Bf1 Bd5 30. Qb4 Nh5 31. Qe1 Qh4 32. Bg2 Bxe3 33. Qxe3 Bxg2 0-1

[Event "SUI-ch 116th"]
[Site "Flims"]
[Date "2016.07.12"]
[Round "6"]
[White "Kosteniuk, Alexandra"]
[Black "Pelletier, Yannick"]
[Result "1/2-1/2"]
[WhiteElo "2549"]
[BlackElo "2557"]
[PlyCount "67"]
[EventDate "2016.07.07"]
[EventType "tourn"]
[EventRounds "9"]
[EventCountry "SUI"]
[EventCategory "9"]
[SourceTitle "CBM 173 Extra"]
[Source "ChessBase"]
[SourceDate "2016.08.29"]
[SourceVersion "1"]
[SourceVersionDate "2016.08.29"]
[SourceQuality "1"]

1. e4 c6 2. d4 d5 3. Nd2 dxe4 4. Nxe4 Bf5 5. Ng3 Bg6 6. Nf3 Nd7 7. h4 h6 8. h5
Bh7 9. Bd3 Bxd3 10. Qxd3 e6 11. Bd2 Ngf6 12. O-O-O Be7 13. Kb1 Qb6 14. Rhe1 O-O
15. c4 Rfd8 16. Nf5 Bf8 17. Nxh6+ gxh6 18. g4 Nxg4 19. Rg1 Ndf6 20. Bf4 Bg7 21.
Ne5 c5 22. Nxg4 Nxg4 23. Rxg4 Rxd4 24. Rxg7+ Kxg7 25. Qg3+ Kf8 26. Rxd4 cxd4
27. c5 Qa6 28. Bxh6+ Ke7 29. Bc1 Qe2 30. Qc7+ Kf6 31. Qf4+ Ke7 32. Qc7+ Kf6 33.
Qf4+ Ke7 34. Qc7+ 1/2-1/2

[Event "SUI-ch 116th"]
[Site "Flims"]
[Date "2016.07.13"]
[Round "7"]
[White "Georgiadis, Nico"]
[Black "Kosteniuk, Alexandra"]
[Result "1-0"]
[WhiteElo "2470"]
[BlackElo "2549"]
[PlyCount "89"]
[EventDate "2016.07.07"]
[EventType "tourn"]
[EventRounds "9"]
[EventCountry "SUI"]
[EventCategory "9"]
[SourceTitle "CBM 173 Extra"]
[Source "ChessBase"]
[SourceDate "2016.08.29"]
[SourceVersion "1"]
[SourceVersionDate "2016.08.29"]
[SourceQuality "1"]

1. d4 Nf6 2. c4 e6 3. g3 d5 4. Bg2 dxc4 5. Nf3 Bb4+ 6. Bd2 a5 7. Qc2 c6 8. Bxb4
axb4 9. Qxc4 Qe7 10. Ne5 Nfd7 11. Nd2 O-O 12. Ne4 Ra5 13. f4 c5 14. Nxc5 Nxe5
15. fxe5 b6 16. Qxb4 Qa7 17. Nb3 Ra4 18. Qd2 Rxa2 19. O-O Ra4 20. Qd3 Bd7 21.
Rxa4 Bxa4 22. Nd2 Qd7 23. Nc4 Qb5 24. Be4 g6 25. Nd6 Qxd3 26. Bxd3 Nc6 27. e3
Nb4 28. Bc4 Nd5 29. Bxd5 exd5 30. g4 Bd7 31. g5 Kg7 32. Ra1 h6 33. Ra7 Be6 34.
gxh6+ Kxh6 35. Kg2 Kg5 36. Kg3 b5 37. b4 Kh5 38. Re7 g5 39. Re8 Rxe8 40. Nxe8
Kg6 41. Nc7 Kf5 42. Nxb5 Bd7 43. Nd6+ Ke6 44. b5 f6 45. b6 1-0

[Event "SUI-ch 116th"]
[Site "Flims"]
[Date "2016.07.14"]
[Round "8"]
[White "Kosteniuk, Alexandra"]
[Black "Gallagher, Joseph G"]
[Result "1-0"]
[WhiteElo "2549"]
[BlackElo "2447"]
[PlyCount "69"]
[EventDate "2016.07.07"]
[EventType "tourn"]
[EventRounds "9"]
[EventCountry "SUI"]
[EventCategory "9"]
[SourceTitle "CBM 173 Extra"]
[Source "ChessBase"]
[SourceDate "2016.08.29"]
[SourceVersion "1"]
[SourceVersionDate "2016.08.29"]
[SourceQuality "1"]

1. e4 c5 2. Nf3 d6 3. d4 cxd4 4. Nxd4 Nf6 5. Nc3 a6 6. g3 g6 7. Bg2 Bg7 8. O-O
O-O 9. h3 Nc6 10. Be3 Bd7 11. Nde2 Qc8 12. Kh2 Ne5 13. Bd4 e6 14. f4 Nc4 15. b3
e5 16. Bg1 Na3 17. Qxd6 Nb5 18. Nxb5 Bxb5 19. c4 Bc6 20. Qd3 exf4 21. Nxf4 Nd7
22. Rad1 Ne5 23. Qc2 h5 24. Bd4 Re8 25. Qf2 Qc7 26. Bb6 Qe7 27. Nd5 Bxd5 28.
exd5 h4 29. gxh4 Nd7 30. Bd4 Qd6+ 31. Kh1 Re7 32. c5 Bxd4 33. cxd6 Bxf2 34.
dxe7 Bxh4 35. d6 1-0

[Event "SUI-ch 116th"]
[Site "Flims"]
[Date "2016.07.15"]
[Round "9"]
[White "Loetscher, Roland"]
[Black "Kosteniuk, Alexandra"]
[Result "1-0"]
[WhiteElo "2426"]
[BlackElo "2549"]
[PlyCount "85"]
[EventDate "2016.07.07"]
[EventType "tourn"]
[EventRounds "9"]
[EventCountry "SUI"]
[EventCategory "9"]
[SourceTitle "CBM 173 Extra"]
[Source "ChessBase"]
[SourceDate "2016.08.29"]
[SourceVersion "1"]
[SourceVersionDate "2016.08.29"]
[SourceQuality "1"]

1. d4 Nf6 2. c4 e6 3. g3 c5 4. d5 exd5 5. cxd5 d6 6. Nc3 g6 7. Bg2 Bg7 8. Nf3
O-O 9. O-O a6 10. a4 Re8 11. Bf4 Nh5 12. Bg5 Qc7 13. Qc2 Nd7 14. e4 c4 15. a5
Rb8 16. Be3 Nc5 17. Nd2 f5 18. Nxc4 Nxe4 19. Nxe4 fxe4 20. Bb6 Qe7 21. Nxd6
Qxd6 22. Bc7 Qxd5 23. Bxb8 Nf6 24. Ba7 Bg4 25. h3 Be6 26. Rfe1 Rc8 27. Qe2 Qb3
28. Rac1 Re8 29. Bd4 Qa4 30. Bc3 Bc4 31. Qc2 Qxc2 32. Rxc2 Bd3 33. Rcc1 Kf7 34.
Bf1 Rd8 35. Rcd1 Rd5 36. Bxd3 exd3 37. Re3 Rf5 38. Rdxd3 Nd5 39. g4 Bxc3 40.
gxf5 Nxe3 41. fxg6+ hxg6 42. Rxc3 Nd5 43. Rb3 1-0

[Event "Olympiad Women-42"]
[Site "Baku"]
[Date "2016.09.09"]
[Round "7.1"]
[White "Kosteniuk, Alexandra"]
[Black "Socko, Monika"]
[Result "1/2-1/2"]
[WhiteElo "2538"]
[BlackElo "2437"]
[PlyCount "180"]
[EventDate "2016.09.02"]
[EventType "team-swiss"]
[EventRounds "11"]
[EventCountry "AZE"]
[SourceTitle "CBM 174 Extra"]
[Source "ChessBase"]
[SourceDate "2016.10.10"]
[SourceVersion "1"]
[SourceVersionDate "2016.10.10"]
[SourceQuality "1"]
[WhiteTeam "Russia (W)"]
[BlackTeam "Poland (W)"]
[WhiteTeamCountry "RUS"]
[BlackTeamCountry "POL"]

1. e4 e6 2. d4 d5 3. Nd2 Be7 4. Ngf3 Nf6 5. Bd3 c5 6. exd5 Qxd5 7. dxc5 Nbd7 8.
b4 a5 9. Bc4 Qh5 10. c3 Nd5 11. Ne4 axb4 12. cxb4 Nxb4 13. O-O O-O 14. Bg5 Bxg5
15. Nfxg5 Qxd1 16. Rfxd1 Ne5 17. Bb3 h6 18. Nh3 Ra5 19. Nf4 Bd7 20. Rd4 Na6 21.
Rc1 Bc6 22. h4 Bxe4 23. Rxe4 Nxc5 24. Rxe5 Nxb3 25. Rxa5 Nxa5 26. Rb1 Ra8 27.
Nd3 Nc6 28. Rxb7 Rxa2 29. Rc7 Rd2 30. Rxc6 Rxd3 31. Rc7 Kf8 32. g3 Ke8 33. Kg2
Rd7 34. Rc4 Ke7 35. Rg4 g6 36. Ra4 Rb7 37. Kf3 Kf6 38. Rf4+ Ke5 39. Re4+ Kd5
40. Ra4 Rb3+ 41. Kg2 Ke5 42. Ra5+ Kf6 43. Ra7 e5 44. Ra6+ Kf5 45. Ra7 f6 46.
Ra6 Rb4 47. Kf3 h5 48. Rc6 Rb3+ 49. Kg2 Rb2 50. Rc5 g5 51. hxg5 fxg5 52. Rc8 e4
53. Rf8+ Kg6 54. Re8 Rb4 55. Rh8 Ra4 56. Rf8 Ra6 57. Re8 Kf5 58. Rh8 Kg4 59.
Re8 Ra4 60. Re7 Kf5 61. Rf7+ Kg6 62. Rf8 Rb4 63. Rh8 e3 64. fxe3 Rb2+ 65. Kg1
Re2 66. Kf1 Rxe3 67. Kf2 Ra3 68. Rf8 Ra5 69. Kg2 g4 70. Rf2 Ra3 71. Rb2 Re3 72.
Rf2 Kg5 73. Ra2 Kf5 74. Kf2 Re5 75. Ra8 Rc5 76. Re8 Re5 77. Ra8 Ke4 78. Ra4+
Kd3 79. Ra3+ Kc4 80. Ra4+ Kb3 81. Ra8 Rf5+ 82. Kg2 Rc5 83. Kf2 Kb4 84. Rb8+ Kc4
85. Ke3 Rf5 86. Ke4 Rf3 87. Rc8+ Kb4 88. Rh8 Rxg3 89. Rxh5 Rg1 90. Rg5 g3
1/2-1/2

[Event "Olympiad Women-42"]
[Site "Baku"]
[Date "2016.09.10"]
[Round "8.1"]
[White "Kosteniuk, Alexandra"]
[Black "Krush, Irina"]
[Result "0-1"]
[WhiteElo "2538"]
[BlackElo "2444"]
[PlyCount "134"]
[EventDate "2016.09.02"]
[EventType "team-swiss"]
[EventRounds "11"]
[EventCountry "AZE"]
[SourceTitle "CBM 174 Extra"]
[Source "ChessBase"]
[SourceDate "2016.10.10"]
[SourceVersion "1"]
[SourceVersionDate "2016.10.10"]
[SourceQuality "1"]
[WhiteTeam "Russia (W)"]
[BlackTeam "US of America (W)"]
[WhiteTeamCountry "RUS"]
[BlackTeamCountry "USA"]

1. e4 c5 2. Nf3 e6 3. d4 cxd4 4. Nxd4 a6 5. Bd3 Nf6 6. O-O Qc7 7. Qe2 d6 8. a4
b6 9. f4 Nbd7 10. b4 d5 11. e5 Ne4 12. Ba3 a5 13. Nb5 Qc6 14. bxa5 Bc5+ 15.
Bxc5 Ndxc5 16. Na7 Qc7 17. axb6 Qxb6 18. Nxc8 Rxc8 19. Bb5+ Nd7+ 20. Kh1 Qa7
21. Bd3 Ndc5 22. Qe3 Rc7 23. Na3 Qa5 24. Nb5 Rc8 25. Nd4 O-O 26. Bb5 Ra8 27.
Rf3 Qb4 28. Bc6 Ra6 29. f5 Rc8 30. Bb5 Raa8 31. c3 Qb2 32. Raf1 Qd2 33. fxe6
fxe6 34. Nc6 Rc7 35. Qd4 h6 36. Qb4 Qg5 37. g3 Qd2 38. Nd4 Qg5 39. Nc6 Qd2 40.
Nd4 Qg5 41. Bc6 Rac8 42. c4 Qd2 43. Qxd2 Nxd2 44. cxd5 Nxf3 45. Rxf3 exd5 46.
Bxd5+ Kh7 47. Rf4 Rd7 48. Bc4 g5 49. e6 gxf4 50. exd7 Nxd7 51. Bd3+ Kh8 52. Bf5
Rc1+ 53. Kg2 Nc5 54. gxf4 Nxa4 55. Kg3 Nc5 56. Ne6 Nd7 57. Nd4 Nf6 58. Nf3 Rc3
59. h3 Kg7 60. Bb1 Rc4 61. Ne5 Rb4 62. Bg6 Nd5 63. Bf5 Nxf4 64. Ng4 Ne2+ 65.
Kh4 Nd4 66. Be4 Ne6 67. Bg2 h5 0-1

[Event "Olympiad Women-42"]
[Site "Baku"]
[Date "2016.09.12"]
[Round "10.1"]
[White "Kosteniuk, Alexandra"]
[Black "Dzagnidze, Nana"]
[Result "1-0"]
[WhiteElo "2538"]
[BlackElo "2522"]
[PlyCount "87"]
[EventDate "2016.09.02"]
[EventType "team-swiss"]
[EventRounds "11"]
[EventCountry "AZE"]
[SourceTitle "CBM 174 Extra"]
[Source "ChessBase"]
[SourceDate "2016.10.10"]
[SourceVersion "1"]
[SourceVersionDate "2016.10.10"]
[SourceQuality "1"]
[WhiteTeam "Russia (W)"]
[BlackTeam "Georgia (W)"]
[WhiteTeamCountry "RUS"]
[BlackTeamCountry "GEO"]

1. e4 e6 2. d4 d5 3. Nc3 Bb4 4. e5 c5 5. a3 Bxc3+ 6. bxc3 Ne7 7. a4 Qc7 8. Nf3
Nbc6 9. Ba3 b6 10. Bd3 Bd7 11. O-O c4 12. Be2 f6 13. Bd6 Qd8 14. exf6 gxf6 15.
Nh4 O-O 16. f4 Rf7 17. Qe1 Rg7 18. f5 exf5 19. Bf3 Kh8 20. Qe3 Qg8 21. Qf4 Qf7
22. Rae1 Ng6 23. Qh6 Kg8 24. Re3 Nxh4 25. Qxh4 Kh8 26. Bh5 Qg8 27. Qxf6 Qd8 28.
Rxf5 Bxf5 29. Re8+ Qxe8 30. Bxe8 Rxe8 31. Bf8 Re1+ 32. Kf2 Ree7 33. Bxg7+ Rxg7
34. Qxf5 Ne7 35. Qf8+ Ng8 36. Qd8 Rf7+ 37. Ke2 Re7+ 38. Kd2 Kg7 39. Qxd5 Nf6
40. Qxc4 h5 41. Qb5 Rd7 42. Kd3 Kf7 43. c4 Ke7 44. a5 1-0

[Event "Olympiad Women-42"]
[Site "Baku"]
[Date "2016.09.13"]
[Round "11.1"]
[White "Hou, Yifan"]
[Black "Kosteniuk, Alexandra"]
[Result "1/2-1/2"]
[WhiteElo "2658"]
[BlackElo "2538"]
[PlyCount "129"]
[EventDate "2016.09.02"]
[EventType "team-swiss"]
[EventRounds "11"]
[EventCountry "AZE"]
[SourceTitle "CBM 174 Extra"]
[Source "ChessBase"]
[SourceDate "2016.10.10"]
[SourceVersion "1"]
[SourceVersionDate "2016.10.10"]
[SourceQuality "1"]
[WhiteTeam "China (W)"]
[BlackTeam "Russia (W)"]
[WhiteTeamCountry "CHN"]
[BlackTeamCountry "RUS"]

1. e4 e5 2. Nf3 Nc6 3. Bb5 a6 4. Ba4 Nf6 5. d3 Bc5 6. Bxc6 dxc6 7. Nbd2 Be6 8.
Nb3 Bxb3 9. axb3 Qd6 10. Qe2 O-O-O 11. Be3 Bxe3 12. Qxe3 Qb4+ 13. Nd2 Nd7 14.
O-O Nb6 15. Rfd1 f6 16. Nf1 Kb8 17. Qg3 g6 18. Ne3 Rhf8 19. h3 Rde8 20. Qg4 Rf7
21. Re1 Qf8 22. Re2 f5 23. exf5 gxf5 24. Qf3 e4 25. dxe4 fxe4 26. Qh5 Qg7 27.
Ra5 Ref8 28. Qe5 Qg6 29. Ra1 Rg8 30. Rd1 Nd5 31. Red2 b6 32. c4 Nxe3 33. Rd8+
Rxd8 34. Rxd8+ Kb7 35. fxe3 Rg7 36. Rd2 Qh6 37. Rf2 Rg5 38. Qe7 Rg7 39. Qe5 Rg5
40. Qf4 Qg6 41. Kh2 a5 42. Rd2 h6 43. g4 Qg7 44. Kg3 Re5 45. Rd8 Re7 46. Qf5
Ka7 47. Rd2 Rf7 48. Qxe4 Qf6 49. Kh2 Qh4 50. Qxc6 Qe1 51. Qd5 Re7 52. c5 Qxe3
53. cxb6+ cxb6 54. Qd6 Rf7 55. Qd5 Qf4+ 56. Kg2 h5 57. Qd4 Qf1+ 58. Kh2 h4 59.
Rg2 Qe1 60. g5 Rf1 61. Qd7+ Kb8 62. Qd8+ Ka7 63. Qc7+ Ka6 64. Qc8+ Ka7 65. Qc7+
1/2-1/2

[Event "BEL-chT 1617"]
[Site "Belgium"]
[Date "2017.01.29"]
[Round "6.2"]
[White "Kosteniuk, Alexandra"]
[Black "Feygin, Michael"]
[Result "1-0"]
[WhiteElo "2537"]
[BlackElo "2468"]
[PlyCount "97"]
[EventDate "2016.10.02"]
[EventType "team-tourn"]
[EventRounds "11"]
[EventCountry "BEL"]
[SourceTitle "EXT 2018"]
[Source "ChessBase"]
[SourceDate "2017.10.13"]
[SourceVersion "1"]
[SourceVersionDate "2017.10.13"]
[SourceQuality "1"]
[WhiteTeam "Fontaine"]
[BlackTeam "KSK Rochade"]
[WhiteTeamCountry "BEL"]
[BlackTeamCountry "BEL"]

1. e4 e6 2. d4 d5 3. Nc3 Nf6 4. Bg5 Be7 5. e5 Nfd7 6. h4 a6 7. Qg4 Bxg5 8. hxg5
c5 9. dxc5 Nc6 10. O-O-O Qe7 11. f4 Qxc5 12. Nf3 Nf8 13. Bd3 Bd7 14. Ne2 O-O-O
15. a3 Kb8 16. Kb1 Rc8 17. Qg3 Ka8 18. Qe1 Qb6 19. Qg1 Qxg1 20. Rdxg1 Kb8 21.
b3 Kc7 22. Kb2 Kd8 23. Nd2 Rc7 24. c4 Ne7 25. Nd4 Bc6 26. Nxc6+ Nxc6 27. cxd5
exd5 28. Nf3 g6 29. Rh4 Ne6 30. Rd1 Ke7 31. b4 Kf8 32. Bb1 Rd7 33. g3 Kg7 34.
Nh2 h6 35. gxh6+ Rxh6 36. Rxh6 Kxh6 37. Ng4+ Kg7 38. Nf6 Rd8 39. Rxd5 Rxd5 40.
Nxd5 Ncd4 41. Bd3 Nc6 42. Kc3 Kf8 43. a4 a5 44. bxa5 Nxa5 45. Bb5 Nc6 46. Bxc6
bxc6 47. Nb4 c5 48. Nd3 g5 49. f5 1-0

[Event "RUS-ch rapid (Women)"]
[Site "Sochi"]
[Date "2016.10.02"]
[Round "1"]
[White "Kosteniuk, Alexandra"]
[Black "Diakonova, Ekaterina"]
[Result "1-0"]
[WhiteElo "2537"]
[BlackElo "2321"]
[PlyCount "59"]
[EventDate "2016.10.02"]
[EventType "swiss (rapid)"]
[EventRounds "10"]
[EventCountry "RUS"]
[SourceTitle "CBM 174 Extra"]
[Source "ChessBase"]
[SourceDate "2016.10.10"]
[SourceVersion "1"]
[SourceVersionDate "2016.10.10"]
[SourceQuality "1"]

1. e4 c6 2. Nc3 d5 3. Nf3 Bg4 4. Be2 e6 5. d4 Nf6 6. e5 Nfd7 7. h3 Bxf3 8. Bxf3
c5 9. Bf4 Nc6 10. dxc5 Ncxe5 11. O-O Bxc5 12. Bxd5 exd5 13. Qxd5 f6 14. Rad1
Qb6 15. Bxe5 Nxe5 16. Na4 Bxf2+ 17. Rxf2 Qc6 18. Qb3 Ke7 19. Qb4+ Kf7 20. Rd6
Qc7 21. Qb3+ Qc4 22. Qxb7+ Kg6 23. b3 Qh4 24. Nc5 Rhd8 25. Ne6 Nf3+ 26. Rxf3
Qe1+ 27. Rf1 Qe3+ 28. Kh1 Rxd6 29. Qxg7+ Kh5 30. Qxh7+ 1-0

[Event "RUS-ch rapid (Women)"]
[Site "Sochi"]
[Date "2016.10.02"]
[Round "2"]
[White "Nebolsina, Vera"]
[Black "Kosteniuk, Alexandra"]
[Result "0-1"]
[WhiteElo "2219"]
[BlackElo "2537"]
[PlyCount "44"]
[EventDate "2016.10.02"]
[EventType "swiss (rapid)"]
[EventRounds "10"]
[EventCountry "RUS"]
[SourceTitle "CBM 174 Extra"]
[Source "ChessBase"]
[SourceDate "2016.10.10"]
[SourceVersion "1"]
[SourceVersionDate "2016.10.10"]
[SourceQuality "1"]

1. c4 Nf6 2. g3 e6 3. Bg2 d5 4. Nf3 Be7 5. b3 b6 6. Bb2 Bb7 7. d3 O-O 8. O-O a5
9. a3 Nbd7 10. Nbd2 Ra7 11. Rc1 c5 12. cxd5 exd5 13. d4 a4 14. Nh4 axb3 15.
Qxb3 c4 16. Qc3 Re8 17. Nf5 Bf8 18. Ne3 b5 19. Rfe1 Nb6 20. Nb1 Ne4 21. Bxe4
Rxe4 22. Nc2 Na4 0-1

[Event "RUS-ch rapid (Women)"]
[Site "Sochi"]
[Date "2016.10.02"]
[Round "3"]
[White "Kosteniuk, Alexandra"]
[Black "Travkina, Anastasia"]
[Result "1-0"]
[WhiteElo "2537"]
[BlackElo "2292"]
[PlyCount "71"]
[EventDate "2016.10.02"]
[EventType "swiss (rapid)"]
[EventRounds "10"]
[EventCountry "RUS"]
[SourceTitle "CBM 174 Extra"]
[Source "ChessBase"]
[SourceDate "2016.10.10"]
[SourceVersion "1"]
[SourceVersionDate "2016.10.10"]
[SourceQuality "1"]

1. e4 e5 2. Nf3 Nc6 3. Bc4 Nf6 4. d3 h6 5. O-O d6 6. c3 g5 7. Re1 Bg7 8. b4 O-O
9. Na3 Ne7 10. Nc2 Ng6 11. Bb3 d5 12. Qe2 Be6 13. Rd1 Qe7 14. Nd2 Nf4 15. Qf1
Rfd8 16. Ne3 c6 17. Bb2 a5 18. bxa5 Rxa5 19. Nf5 Bxf5 20. exf5 g4 21. Re1 Nd7
22. f3 Qg5 23. fxg4 Qxg4 24. Re3 Qxf5 25. Rf3 Qe6 26. Re1 Ng6 27. d4 c5 28. c4
Rf8 29. cxd5 Qd6 30. Nc4 Qa6 31. Nxa5 Qxa5 32. d6 cxd4 33. Bxf7+ Kh8 34. Bxg6
Rxf3 35. gxf3 Qd2 36. Bc1 1-0

[Event "RUS-ch rapid (Women)"]
[Site "Sochi"]
[Date "2016.10.02"]
[Round "4"]
[White "Vasilevich, Irina"]
[Black "Kosteniuk, Alexandra"]
[Result "1/2-1/2"]
[WhiteElo "2285"]
[BlackElo "2537"]
[PlyCount "85"]
[EventDate "2016.10.02"]
[EventType "swiss (rapid)"]
[EventRounds "10"]
[EventCountry "RUS"]
[SourceTitle "CBM 174 Extra"]
[Source "ChessBase"]
[SourceDate "2016.10.10"]
[SourceVersion "1"]
[SourceVersionDate "2016.10.10"]
[SourceQuality "1"]

1. c4 Nf6 2. Nc3 e5 3. g3 Nc6 4. Bg2 Bc5 5. a3 a6 6. e3 d6 7. Nge2 O-O 8. b4
Ba7 9. d3 Bg4 10. h3 Be6 11. Nd5 Rb8 12. O-O Qd7 13. Nxf6+ gxf6 14. Kh2 f5 15.
Bb2 f6 16. Rc1 Ne7 17. d4 Ng6 18. c5 d5 19. dxe5 fxe5 20. f4 c6 21. fxe5 Rbe8
22. Nf4 Bb8 23. Nd3 Qg7 24. Rc2 Kh8 25. Qa1 Rg8 26. Rf3 Qh6 27. Nf4 Ne7 28.
Rcf2 Rg7 29. h4 Bc7 30. Bh3 Rf7 31. Bd4 Kg8 32. Qg1 Bc8 33. Rg2 Ng6 34. Nxg6
hxg6 35. g4 Kh7 36. gxf5 Bxf5 37. Bxf5 Rxf5 38. Qf2 Rxf3 39. Qxf3 Qxh4+ 40. Kg1
Qe1+ 41. Kh2 Qh4+ 42. Kg1 Qe1+ 43. Kh2 1/2-1/2

[Event "RUS-ch rapid (Women)"]
[Site "Sochi"]
[Date "2016.10.02"]
[Round "5"]
[White "Kosteniuk, Alexandra"]
[Black "Kovalevskaya, Ekaterina"]
[Result "1/2-1/2"]
[WhiteElo "2537"]
[BlackElo "2437"]
[PlyCount "74"]
[EventDate "2016.10.02"]
[EventType "swiss (rapid)"]
[EventRounds "10"]
[EventCountry "RUS"]
[SourceTitle "CBM 174 Extra"]
[Source "ChessBase"]
[SourceDate "2016.10.10"]
[SourceVersion "1"]
[SourceVersionDate "2016.10.10"]
[SourceQuality "1"]

1. e4 c5 2. Nf3 Nc6 3. d4 cxd4 4. Nxd4 e5 5. Nb5 d6 6. c4 Be7 7. N1c3 a6 8. Na3
Nf6 9. Nc2 O-O 10. Be2 Be6 11. O-O Rc8 12. b3 b5 13. cxb5 Na7 14. Bb2 Nxb5 15.
Nxb5 axb5 16. Qd3 d5 17. exd5 e4 18. Qd1 Nxd5 19. Nd4 Nf4 20. Bg4 Bf6 21. Nxe6
Nxe6 22. Qxd8 Rcxd8 23. Bxf6 gxf6 24. Bf5 Rd4 25. Rae1 Nc5 26. f3 Rd2 27. fxe4
Rxa2 28. Re3 Rd8 29. Rg3+ Kf8 30. Bxh7 Ke7 31. Bf5 Rb2 32. Rc3 Rdd2 33. Bh3
Nxe4 34. Rc7+ Kf8 35. Rc8+ Kg7 36. Re8 Ng5 37. Re3 Nxh3+ 1/2-1/2

[Event "RUS-ch rapid (Women)"]
[Site "Sochi"]
[Date "2016.10.03"]
[Round "6"]
[White "Vasilevich, Tatjana"]
[Black "Kosteniuk, Alexandra"]
[Result "0-1"]
[WhiteElo "2372"]
[BlackElo "2537"]
[PlyCount "68"]
[EventDate "2016.10.02"]
[EventType "swiss (rapid)"]
[EventRounds "10"]
[EventCountry "RUS"]
[SourceTitle "CBM 174 Extra"]
[Source "ChessBase"]
[SourceDate "2016.10.10"]
[SourceVersion "1"]
[SourceVersionDate "2016.10.10"]
[SourceQuality "1"]

1. d4 Nf6 2. c4 Nc6 3. d5 Ne5 4. e3 e6 5. Nc3 Bb4 6. Bd2 O-O 7. a3 Bxc3 8. Bxc3
d6 9. f3 exd5 10. cxd5 Re8 11. Qd2 Bd7 12. Be2 Ba4 13. e4 c6 14. dxc6 bxc6 15.
Qd4 Bb3 16. Nh3 d5 17. exd5 Bc4 18. Nf4 Nxd5 19. Nxd5 Nxf3+ 20. gxf3 Rxe2+ 21.
Kd1 Qxd5 22. Qxd5 cxd5 23. b3 Ba6 24. Bd4 Rg2 25. Re1 Rxh2 26. Rc1 h5 27. Rc7
Bd3 28. Ree7 Bg6 29. f4 h4 30. f5 Bh5+ 31. Ke1 Ra2 32. Kf1 h3 33. Rc3 h2 34.
Rh3 Bf3 0-1

[Event "RUS-ch rapid (Women)"]
[Site "Sochi"]
[Date "2016.10.03"]
[Round "7"]
[White "Kosteniuk, Alexandra"]
[Black "Goryachkina, Aleksandra"]
[Result "0-1"]
[WhiteElo "2537"]
[BlackElo "2460"]
[PlyCount "142"]
[EventDate "2016.10.02"]
[EventType "swiss (rapid)"]
[EventRounds "10"]
[EventCountry "RUS"]
[SourceTitle "CBM 174 Extra"]
[Source "ChessBase"]
[SourceDate "2016.10.10"]
[SourceVersion "1"]
[SourceVersionDate "2016.10.10"]
[SourceQuality "1"]

1. e4 Nf6 2. e5 Nd5 3. d4 d6 4. Nf3 dxe5 5. Nxe5 c6 6. Be2 g6 7. O-O Bg7 8. c4
Nc7 9. Be3 O-O 10. Qc1 Nd7 11. Nf3 Nf6 12. h3 Bf5 13. Rd1 Bxb1 14. Rxb1 Nce8
15. Bh6 Nd6 16. g4 Rc8 17. Ne5 e6 18. Bxg7 Kxg7 19. Qf4 Qe7 20. Kg2 Nd7 21. c5
Ne8 22. Nc4 Ndf6 23. Qe5 Kg8 24. Bf3 Rd8 25. Qg5 Qc7 26. Ne3 Nd5 27. Qh6 Nf4+
28. Kg1 Nf6 29. Nc4 N6d5 30. Nd6 Rxd6 31. cxd6 Qxd6 32. Qh4 Rd8 33. a3 Rd7 34.
Qg3 Qe7 35. h4 h6 36. Bxd5 Nxd5 37. g5 h5 38. Re1 Qd8 39. Rbd1 Ne7 40. Qe5 Nf5
41. Re4 Rd5 42. Qf6 Qd7 43. b4 Nxh4 44. Rxh4 Rf5 45. Qxf5 exf5 46. d5 Qd8 47.
f4 cxd5 48. Rh3 Qc7 49. Rf3 Qc4 50. Rf2 Qe4 51. Kh2 Kg7 52. Kg3 Qe3+ 53. Kg2 d4
54. Rdd2 h4 55. Rde2 Qg3+ 56. Kh1 d3 57. Rd2 h3 58. a4 b6 59. a5 bxa5 60. bxa5
a6 61. Rf1 Kg8 62. Rb2 Kg7 63. Rd2 Qe3 64. Rff2 Qg3 65. Rf1 f6 66. gxf6+ Kxf6
67. Rb2 Kg7 68. Rb7+ Kh6 69. Rb2 Kh5 70. Rbf2 Kh4 71. Rg1 Qxf2 0-1

[Event "RUS-ch rapid (Women)"]
[Site "Sochi"]
[Date "2016.10.03"]
[Round "8"]
[White "Voit, Daria"]
[Black "Kosteniuk, Alexandra"]
[Result "0-1"]
[WhiteElo "2386"]
[BlackElo "2537"]
[PlyCount "54"]
[EventDate "2016.10.02"]
[EventType "swiss (rapid)"]
[EventRounds "10"]
[EventCountry "RUS"]
[SourceTitle "CBM 174 Extra"]
[Source "ChessBase"]
[SourceDate "2016.10.10"]
[SourceVersion "1"]
[SourceVersionDate "2016.10.10"]
[SourceQuality "1"]

1. d4 Nf6 2. c4 e6 3. Nf3 d5 4. g3 dxc4 5. Bg2 Bb4+ 6. Bd2 a5 7. Qc2 Bxd2+ 8.
Qxd2 c6 9. Ne5 b5 10. Nxc6 Qb6 11. Qg5 Nxc6 12. Qxg7 Ke7 13. Qxh8 Bb7 14. Qg7
Nxd4 15. O-O Nxe2+ 16. Kh1 Bxg2+ 17. Kxg2 Nf4+ 18. Kh1 Nd3 19. Nc3 b4 20. Nd1
c3 21. bxc3 bxc3 22. Ne3 c2 23. Qg5 Rc8 24. Rac1 Nxc1 25. Rxc1 Qb2 26. Nf1 Qxa2
27. Qd2 Qd5+ 0-1